|
|
|
|
| LEADER |
00000nam0a2200000 4500 |
| 001 |
164078 |
| 005 |
20231031161101.0 |
| 020 |
|
|
|a RU
|b 89-25578
|
| 035 |
|
|
|a (RuTPU)RU\TPU\book\178024
|
| 035 |
|
|
|a RU\TPU\book\120164
|
| 090 |
|
|
|a 164078
|
| 100 |
|
|
|a 20090828d1989 m y0rusy5003 ca
|
| 101 |
2 |
|
|a rus
|c swe
|c fre
|
| 102 |
|
|
|a RU
|
| 105 |
|
|
|a y z 000ay
|
| 200 |
1 |
|
|a Красная комната; Слово безумца в свою защиту; Одинокий
|e Романы : [Пер. со швед. и фр.]
|f А. Стриндберг
|g [Вступ. ст. В. Неустроева, с. 3-20; Коммент. Е. Соловьевой; Иллюстрации В. Костицына]
|
| 210 |
|
|
|a Москва
|c Правда
|d 1989
|
| 215 |
|
|
|a 636,[2] с.
|c ил.
|d 22 см
|
| 610 |
1 |
|
|a шведская литература
|
| 610 |
1 |
|
|a романы
|
| 675 |
|
|
|a 839.7Стриндберг
|z rus
|
| 700 |
|
1 |
|a Стриндберг
|b А.
|g Август
|
| 702 |
|
1 |
|a Неустроев
|b В.
|4 080
|
| 702 |
|
1 |
|a Соловьева
|b Е.
|4 220
|
| 702 |
|
1 |
|a Костицын
|b В. В.
|4 440
|
| 801 |
|
0 |
|a RU
|b RuMRKP
|c 19950417
|g psbo
|
| 801 |
|
1 |
|a RU
|b 63413507
|c 20070313
|g PSBO
|
| 801 |
|
2 |
|a RU
|b 63413507
|c 20221208
|g PSBO
|
| 942 |
|
|
|c BK
|